| 000 | 00598nam a22002057a 4500 | ||
|---|---|---|---|
| 005 | 20140226093121.0 | ||
| 008 | 090226s2009 nyua 001 0 eng | ||
| 020 | _a9780071604086 | ||
| 020 | _a9780071604086 | ||
| 080 | _a004.41 | ||
| 100 | 1 | _aPlenderleith, Jamie. | |
| 245 | 1 | 0 |
_aMicrosoft Visual studio 2008 programming / _cJamie Plenderleith, Steve Bunn. |
| 250 | _a1st ed. | ||
| 260 |
_aNew York : _bMcGraw Hill, _c2009. |
||
| 300 |
_a412 f : _bme il ; _c23 cm. |
||
| 650 | 0 | _aShkencat Kompjuterike | |
| 650 | 0 | _aKompjuterët-Programimi-Softueri | |
| 700 | 1 | _aBunn, Steve. | |
| 942 |
_2udc _cBK |
||
| 999 |
_c402 _d402 |
||